|
|
|
|
| LEADER |
00000nab a2200000 a 4500 |
| 001 |
vtls011557339 |
| 003 |
SK-MaSNL |
| 005 |
20260305032645.0 |
| 008 |
160603 2016 xo m 000 0 slo |
| 038 |
|
|
|a PPPK
|
| 040 |
|
|
|a PPPKCL
|b slo
|c PPPK
|e AACR2
|
| 041 |
0 |
|
|a slo
|
| 044 |
|
|
|a xo
|c SK
|
| 080 |
|
|
|a 398.1
|x (437.6)
|2 2011
|
| 080 |
|
|
|a 398.3
|x (437.6)
|2 2011
|
| 100 |
1 |
|
|a Soľavová, Monika
|4 aut
|9 1609987
|
| 245 |
1 |
0 |
|a Páračky v obci Lechnica
|c Mgr. Monika Soľavová
|
| 300 |
|
|
|b Fotogr.
|
| 650 |
0 |
7 |
|a páračky
|2 pppkcl
|9 604625
|
| 650 |
0 |
7 |
|a ľudové zvyky
|2 pppkcl
|9 66558
|
| 650 |
0 |
7 |
|a tradície
|2 pppkcl
|9 15975
|
| 651 |
|
7 |
|a Lechnica (Slovensko)
|2 pppkcl
|9 54561
|
| 651 |
|
7 |
|a Kežmarok (Slovensko : okres)
|2 pppkcl
|9 51824
|
| 773 |
0 |
|
|t Starovešťan : spravodajca mesta Spišská Stará Ves
|g Roč. 10, č. 49 (2016), s. 6
|x 1338-810X
|
| 852 |
|
|
|a PPPK
|b KIS3GCP
|
| 999 |
|
|
|c 3321014
|d 3322944
|